Top 4 colocados de cada Liga das Nações de Vôlei (VNL) Masculino - Statistics

Estatísticas Gerais
  • Esse quiz foi jogado 314 vezes
    186 desde o último reset
  • A pontuação média é 7 de 8
Estatísticas das Respostas
Winner % Correto
Brasil
100%
Estados Unidos
99%
Itália
98%
França
96%
Polônia
94%
Japão
93%
Rússia
88%
Eslovênia
52%
Nenhum quiz correspondente encontrado
Distribuição das Pontuações
Porcentagem de Pessoas com Cada Pontuação
Percentil de Números Respondidos
Sua Pontuação Histórica
Você não jogou esse quiz desde o último reset